[Event "FRA-chT poule basse"]
[Site "France"]
[Date "2003.05.07"]
[Round "8.2"]
[White "Nijboer, Friso"]
[Black "Mullon, Jean Baptiste"]
[Result "1-0"]
[WhiteElo "2562"]
[BlackElo "2313"]
[Annotator "Finkel,A"]
[PlyCount "53"]
[EventDate "2003.05.07"]
[EventType "team"]
[EventRounds "4"]
[EventCountry "FRA"]
[SourceTitle "CBM 095"]
[Source "ChessBase"]
[SourceDate "2003.07.25"]
[SourceVersion "1"]
[SourceVersionDate "2003.07.25"]
[SourceQuality "1"]
[WhiteTeam "Nancy"]
[BlackTeam "Sautron"]
[WhiteTeamCountry "FRA"]
[BlackTeamCountry "FRA"]

1. e4 e6 2. d4 d5 3. Nc3 Nf6 4. e5 Nfd7 5. f4 c5 6. Nf3 Nc6 7. Be3 a6 (7... Qb6
) 8. Qd2 b5 9. Be2 Bb7 10. O-O Qb6 (10... Be7 11. Nd1 cxd4 12. Nxd4 O-O 13. Nf2
Nc5 14. Rad1 Qd7 15. c3 Rac8 16. Bd3 $14 {Byrne,R-Drira,A/Skopje 1972}) (10...
g6 11. Rae1 Qc7 12. Bd1 cxd4 13. Nxd4 Nxd4 14. Bxd4 Nc5 15. a3 Be7 16. Kh1 h5 {
1/2-1/2 Niedermaier,H-Reichel,A/Kirchseeon 1989}) (10... b4 11. Nd1 Rc8 (11...
Qb6 12. c3 a5 13. Bf2 Be7 14. f5 Ba6 15. Bxa6 Qxa6 16. Qf4 Qd3 17. Qg4 exf5 18.
Qxg7 $16 {Nijboer,F-Gurevich,M/Vlissingen 2002}) 12. Nf2 Qb6 13. dxc5 Bxc5 14.
Bxc5 Nxc5 15. Kh1 Ne4 16. Nxe4 dxe4 17. Ng5 e3 18. Qc1 h6 19. Nf3 O-O $17 {
Yagupov,I-Volkov,S/St Petersburg 1998}) (10... Rc8 11. Kh1 Qc7 12. f5 cxd4 13.
Nxd4 Nxd4 14. Bxd4 b4 15. fxe6 fxe6 16. Qf4 $1 $40 {Nijboer,F-Visser,Y/
Cesenatico 1999}) 11. Nd1 {With idea to take a good care of d4 by playing c3.
After depriving black any counterplay in the center white is ready for the
actions at the kingside, which is abandoned by black pieces.} (11. Rad1 $6 cxd4
12. Nxd4 Bc5 13. Rf3 g5 14. fxg5 Ndxe5 15. Rh3 O-O-O 16. Nxc6 Bxc6 17. Bxc5
Qxc5+ $15 {Lohmeier,H-Visser,Y/Ruhrgebiet 1998}) 11... Rc8 (11... cxd4 12. Nxd4
Nxd4 13. Bxd4 Bc5 14. c3 O-O 15. Kh1 f6 16. b4 Bxd4 17. cxd4 $16 {Hetey,
L-Berndt,M/Germany 1991}) 12. c3 b4 (12... Be7 13. Bf2 f5 14. dxc5 Bxc5 15. b4
Bxf2+ 16. Nxf2 O-O 17. a4 $16) (12... cxd4 13. Nxd4 (13. cxd4 Qa5 14. Nf2 Qxd2
15. Bxd2 Nb6 16. b3 $14)) 13. Bf2 {Leaving the square e3 for the knight.} a5 $6
14. f5 $1 $36 {A signal for the attack.} exf5 {After this move white breaks in
the center deicding the game in his favor in just a few moves, however it's
clear that black's opening plan had failed and white is a way ahead in his
play on the kingisde.} (14... Be7 15. Qf4 (15. fxe6 fxe6 16. Ng5 Nd8 $13) 15...
Ba6 16. Bxa6 Qxa6 17. Qg4 $16) 15. Ne3 Ne7 16. c4 $1 {[%csl Rd7,Re7,Rf8] The
decisive break turning black's position into ruins.} cxd4 17. Nxd4 Nxe5 (17...
Qg6 {[%csl Rg2]} 18. Nb5 $1 {[%cal Gb5d6]} Nxe5 19. Bg3 Qe6 20. Rad1 $16) 18.
cxd5 g6 (18... f4 19. Bb5+ Nd7 20. Nc4 $18) 19. Bb5+ Nd7 20. Nc4 Qf6 21. Bh4 $1
$18 {[%cal Gc4d6]} Qxh4 22. Nd6+ Kd8 23. Nxb7+ Kc7 24. d6+ Kxb7 25. Bxd7 Rd8 (
25... Bh6 26. Qd3 Rc5 27. dxe7 Qxe7 28. Nb3 $18) 26. Nf3 Qc4 27. Rac1 1-0

[Event "Bundesliga 0405"]
[Site "Germany"]
[Date "2005.01.29"]
[Round "8.7"]
[White "Hertneck, Gerald"]
[Black "Knaak, Rainer"]
[Result "0-1"]
[WhiteElo "2552"]
[BlackElo "2486"]
[Annotator "Finkel,A"]
[PlyCount "74"]
[EventDate "2004.11.12"]
[EventType "team-tourn"]
[EventRounds "15"]
[EventCountry "GER"]
[SourceTitle "CBM 106"]
[Source "ChessBase"]
[SourceDate "2005.06.06"]
[SourceVersion "1"]
[SourceVersionDate "2005.06.06"]
[SourceQuality "1"]
[WhiteTeam "Tegernsee"]
[BlackTeam "Werder Bremen"]
[WhiteTeamCountry "GER"]
[BlackTeamCountry "GER"]

1. e4 e6 2. d4 d5 3. Nc3 Nf6 4. e5 Nfd7 5. f4 c5 6. Nf3 Nc6 7. Be3 cxd4 8. Nxd4
Bc5 9. Qd2 O-O 10. O-O-O a6 11. Qf2 Bxd4 (11... Nxd4 12. Bxd4 Qe7 (12... Qc7
13. Bd3 b5 14. Qh4 g6 15. Ne2 b4 16. Qh6 Bxd4 17. Nxd4 Nc5 18. h4 $16 {
Miljanic,B-Kalezic,B/Budva 2003}) 13. Bd3 Bxd4 14. Qxd4 Qc5 15. Ne2 Qxd4 16.
Nxd4 Nb8 17. h4 $14 {Grischuk,A-Iljushin,A/Krasnoyarsk 2003}) 12. Bxd4 b5 13.
Be3 (13. Bd3 b4 14. Ne2 a5 15. Kb1 Ba6 16. h4 Qc7 17. h5 Rfc8 18. Be3 a4 $36 {
Kharitonov,A-Iljushin,A/Krasnoyarsk 2003}) 13... b4 {This move is considerably
better than 13...Bb7 which was tried by Shirov on the black side of this line
in his game against Kramnik.} (13... Bb7 14. Bd3 Nb4 15. Bd4 Rc8 16. Kb1 Qa5
17. a3 Nc6 18. f5 Ndxe5 $4 19. Bb6 {1-0 Kramnik,V-Shirov,A/Monte Carlo 2003/
CBM 93 ext (19)}) 14. Na4 (14. Ne2 a5 15. Nd4 Nxd4 16. Bxd4 Ba6 {After trading
the lightsquared bishops black has no problems what so ever.} 17. Kb1 Qc7 $11 {
[%csl Ge5] Shirov,A-Radjabov,T/Leon 2004/CBM 102}) 14... Bb7 {Having in mind
an interesting pawn sacrifice, which leads to a very lively and interesting
play.} (14... f6 $6 15. exf6 Nxf6 16. Bb6 Ne4 17. Qe1 Qf6 18. g3 Qf7 19. Bg2 e5
20. Rxd5 $1 $16 {Shomoev,A-Iljushin,A/Krasnoyarsk 2003}) (14... a5 15. h4 $5 (
15. Bb5 Qc7 16. Qe2 Ncb8 17. Kb1 Ba6 18. Bd3 Qb7 19. h4 Rc8 $132 {Solovjov,
S-Nikolenko,O/St Petersburg 2004}) 15... f6 16. exf6 Nxf6 17. h5 Ng4 18. Qg3
Nxe3 19. Qxe3 Qd6 20. g3 $14 {Kraai,J-Schneider,I/Philadelphia 2004}) 15. Bd3
Qa5 16. b3 d4 17. Be4 $2 {It's hard to understand what white was counting on
sacrificing a piece for a couple of pawns, but it's obvious that he had to
take on d4 to test black's idea.} (17. Bxd4 Nxd4 18. Qxd4 Rfd8 (18... Bc6 19.
Be4 Bxe4 20. Qxe4 Nc5 21. Nxc5 Qxc5 22. Rd6 Rfc8 23. Rhd1 $14) 19. Be4 Nf6 $1 (
19... Nxe5 20. Qb6 Qxb6 21. Nxb6 Bxe4 22. Nxa8 Rxa8 23. fxe5 Bxg2 24. Rhg1 Bd5
25. Rd4 $16) 20. Qc5 Qxc5 21. Nxc5 Rxd1+ 22. Rxd1 Nxe4 23. Nxb7 Nc3 24. Rd2
Nxa2+ 25. Kb2 Nc3 26. Rd7 $14) 17... dxe3 18. Qh4 Rfd8 (18... f5 $2 19. Rxd7
fxe4 20. Rxb7 $14) 19. Qxh7+ Kf8 20. Qh8+ Ke7 21. Qxg7 Nf8 {The king feels
perfectly safe on e7, while the white one is about to get under attack.} 22.
Rde1 (22. h4 Rxd1+ 23. Rxd1 Rd8 24. Re1 Qc7 25. Rxe3 Nd4 26. Bd3 Rc8 27. Bc4
Bd5 $17) 22... Ra7 $1 $19 {[%cal Gc6d4] An important move after which the
outcome of the game is no longer a question.} 23. Rxe3 Nd4 24. Bxb7 (24. Bd3
Bc6 $19) 24... Rxb7 25. Kb2 Ke8 26. Rh3 Nf5 {[%csl Rb2][%cal Gd8d2]} 27. Qg5
Rd2 28. Rc1 Qd5 29. g4 Rg2 (29... Ne3 $5 30. f5 Qxe5+ 31. Kb1 Nxc2 $19) 30. Kb1
Rc7 31. Rd3 Nd4 (31... Rgxc2 $1 32. Rxd5 Rxc1+ 33. Kb2 R7c2#) 32. f5 Qxe5 33.
Rcd1 Rd7 34. c3 bxc3 35. Nxc3 Nb5 36. Qc1 Nxc3+ 37. Rxc3 Qxc3 0-1

[Event "FRA-chT poule haute"]
[Site "France"]
[Date "2003.05.08"]
[Round "9.6"]
[White "Fontaine, Robert"]
[Black "Kosten, Anthony C"]
[Result "0-1"]
[WhiteElo "2529"]
[BlackElo "2545"]
[Annotator "Finkel,A"]
[PlyCount "112"]
[EventDate "2003.05.07"]
[EventType "team"]
[EventRounds "4"]
[EventCountry "FRA"]
[SourceTitle "CBM 095"]
[Source "ChessBase"]
[SourceDate "2003.07.25"]
[SourceVersion "1"]
[SourceVersionDate "2003.07.25"]
[SourceQuality "1"]
[WhiteTeam "Cannes"]
[BlackTeam "Monaco"]
[WhiteTeamCountry "FRA"]
[BlackTeamCountry "FRA"]

1. e4 e6 2. d4 d5 3. Nc3 Nf6 4. e5 Nfd7 5. f4 c5 6. Nf3 a6 7. Be3 Qb6 8. Na4 (
8. Qd2) 8... Qa5+ 9. c3 cxd4 10. b4 Qc7 11. Bxd4 b5 12. Nb2 Nc6 (12... Nb6 13.
Bd3 Nc4 14. Nxc4 dxc4 15. Bc2 Bb7 16. O-O Nc6 17. Qe2 Be7 18. a4 $14 {Peiter,
A-Balean,H/Koblenz 1990}) 13. a4 $6 {It's much better to prepare this move
with 13.Qd2 in order to take on d4 with the knight.} (13. Qd2 Nb6 14. a4 Nc4
15. Nxc4 bxc4 16. Be2 Bd7 17. O-O a5 18. b5 Nxd4 19. Nxd4 $14 {Santos,
F-Pesquero,E/Porto Belo 1998}) (13. Rc1 f6 14. Nd3 Be7 15. Qd2 O-O 16. exf6
Nxf6 17. Nde5 Ne4 18. Qe3 Nxd4 19. Nxd4 Rxf4 $1 $17 {Paulis,W-De Mie,M/
Leeuwarden 2002}) 13... Nxd4 14. Qxd4 bxa4 15. Rxa4 Be7 16. Be2 O-O 17. O-O $6
{Permitting black knight to come to e4 via c5. It was better to play} (17. Nd3
{taking square c5 under control} Nb6 18. Ra2 a5 19. O-O Nc4 20. Rfa1 (20. f5
exf5 21. Nf4 Bb7 $17) 20... Bb7 $132 {with unclear position.}) 17... Nc5 $1 {
[%cal Gc5e4]} 18. Ra3 Bb7 19. Nd2 {Preventing Ne4, but weakening e5.} (19. Na4
Ne4 20. Rfa1 a5 21. Nb6 Rab8 22. Rxa5 Qxc3 $15) 19... f6 $5 {[%csl Re5]} 20.
Ra5 Nd7 21. Bg4 $2 {A painfull blunder after which nothing can save white.} (
21. Nd3 Rac8 22. Ra3 fxe5 23. fxe5 Rxf1+ 24. Bxf1 Rf8 25. Be2 Nb8 $13) 21...
fxe5 {Black either didn't want to take an exchange or decided that the move in
the game is even stronger, although I don't see anything wrong with} (21... f5
$1 22. Be2 Qxa5 23. bxa5 Bc5 $17 {and black's win is just a matter of time.})
22. Bxe6+ Kh8 23. fxe5 Nxe5 24. Raa1 (24. Rxf8+ Rxf8 25. Ra1 Bf6 $17) 24... Bf6
$17 {[%csl Rc3][%cal Gf6a1] Black darksquared bishop rules!} 25. Qc5 Qxc5+ 26.
bxc5 Bc6 27. Na4 (27. Nb3 $6 Rab8 28. Ra3 a5 $1 $19 {[%cal Ga5a4]}) 27... Rae8
28. Bh3 Bg5 29. Rxf8+ Rxf8 30. Nf1 (30. Nb3 $2 Be3+ 31. Kh1 Bxa4 32. Rxa4 Rf1#)
30... Rf4 $1 31. Nb2 Be7 $19 32. Ng3 Bxc5+ 33. Kh1 Bb5 34. Re1 Ng6 35. Be6 Rf2
36. Nd1 Rd2 37. Nf1 Re2 38. Rxe2 Bxe2 39. Nfe3 Nf4 40. Bf7 g6 41. h4 (41. g3
Bf3+ 42. Kg1 Bxd1 $19) 41... Kg7 42. Be8 Kf6 43. Bc6 Ke5 44. g3 Bf3+ 45. Kh2
Nd3 46. Nc4+ Ke6 47. Ncb2 Ne5 $5 (47... Nxb2 48. Nxb2 Kd6 49. Bb7 Be2 $19) 48.
Bb7 a5 49. Na4 Ba7 50. Ndb2 Kd6 51. c4 Ng4+ 52. Kh3 Bg1 $1 {[%cal Gg4f2]} 53.
Nd3 Ne3 54. g4 Bxg4+ 55. Kg3 dxc4 56. Ndb2 Bd7 0-1

[Event "Corus"]
[Site "Wijk aan Zee"]
[Date "2003.01.19"]
[Round "7"]
[White "Shirov, Alexei"]
[Black "Bareev, Evgeny"]
[Result "1-0"]
[WhiteElo "2723"]
[BlackElo "2729"]
[Annotator "Finkel,A"]
[PlyCount "75"]
[EventDate "2003.01.11"]
[EventType "tourn"]
[EventRounds "13"]
[EventCountry "NED"]
[EventCategory "18"]
[SourceTitle "CBM 093"]
[Source "ChessBase"]
[SourceDate "2003.04.01"]
[SourceVersion "1"]
[SourceVersionDate "2003.04.01"]
[SourceQuality "1"]

1. e4 e6 2. d4 d5 3. Nc3 Nf6 4. e5 Nfd7 5. f4 c5 6. Nf3 Nc6 7. Be3 cxd4 8. Nxd4
Bc5 9. Qd2 Bxd4 10. Bxd4 Nxd4 11. Qxd4 Qb6 12. Qd2 Qxb2 $6 {Bareev's Qb2 is
playing with fire.} (12... Nc5 13. O-O-O Bd7 14. Qd4 (14. Kb1 Na4 15. Nxa4 Bxa4
16. Bd3 Bb5 17. Rhf1 O-O-O 18. Rf3 Kb8 $11 {Franzoni,G-Kelecevic,N/Switzerland
1996}) (14. h4 O-O-O 15. Rh3 d4 16. Nb1 Bc6 17. Na3 Ne4 18. Qe1 Qc5 $13 {
Alonso,S-Ibar,M/Buenos Aires 1997}) 14... a6 (14... a5 15. h4 Qb4 16. Rh3 Qxd4
17. Rxd4 h5 18. Re3 g6 19. b3 Ke7 20. a4 Rac8 $11 {Zontakh,A-Gundersen,H/Eupen
1999}) 15. h4 O-O-O 16. Rh3 (16. h5 Bc6 17. Rh3 Kc7 18. Ne2 Ne4 19. Qxb6+ Kxb6
20. Nd4 Bd7 21. Rb3+ Ka7 22. Bd3 $14 {Vallejo Pons,F-Savchenko,S/Moscow 2001})
16... Bc6 17. Ne2 Kb8 18. Rc3 Na4 19. Qxb6 Nxb6 20. Nd4 Bd7 21. b3 Nc8 22. h5
Ne7 $11 {Kasparov,G-Timman,J/Horgen 1995}) 13. Rb1 Qa3 14. Nb5 Qxa2 {in only
other game played in this variation black tried to come back to c5 with the
queen, but didn't manage to hold.} (14... Qc5 15. Nd6+ Ke7 16. Rb5 Qa3 17. c4
d4 18. Rb3 Qc5 19. Ne4 Qc6 20. Qb4+ $40 {Nielsen,P-Holst,A/Aars 1999}) 15. Nd6+
Kf8 16. Rd1 Qb2 17. Be2 Qb6 (17... Nc5 $5) 18. c4 $1 {White has a significant
advantage in development . To make best use of this advantage it is very
important to open the position's files and diagonals!} d4 (18... dxc4 $4 19.
Nxc8 $18) (18... Nc5 19. cxd5 Bd7 20. dxe6 fxe6 21. Nc4 $16 {And white's
initiative is very unpleasant .}) 19. Bf3 {The Bishop has discovered the most
active diagonal! Black's targeted Queen-side, imparticularly the b7 pawn, will
be an extra bonus.} a5 20. O-O d3+ 21. Kh1 Qd4 (21... g6 {It does not help to
try and draw the King to g7 after} 22. Qxd3 Nc5 23. Qe3 Kg7 24. Rb1 Qa7 25. Rb5
$1 $18 {And Black's position is hopeless .}) 22. Nb5 Qc5 (22... Qxc4 23. Nd6
Qd4 24. Rc1 Nb6 25. Rc3 $16 {[%cal Gf1c1]}) 23. Qxd3 g6 24. Nd6 Nb6 25. Rb1 $1
{Alexey improves all of his pieces executing the final smash!} Kg7 26. Rb5 Qc7
27. Qd4 Nd7 28. f5 $1 {[%cal Ge5e6] If we look at the position carefully, we
discover that certain combinational motifs are possible. These themes can be
provoked by the weakening of the dark squares near the Black king and
undeveloped Queen side.} gxf5 (28... Rf8 29. fxe6 fxe6 30. Rd1 $1 $18 {[%csl
Rc8,Rd7]}) 29. Nxf5+ exf5 30. e6+ Ne5 31. Rxe5 f6 32. Rxf5 Rf8 33. Bd5 {
White's pressure on the kingside is decisive.} Qe7 34. Rh5 Kh8 35. Be4 Bxe6 36.
Rxh7+ Qxh7 37. Bxh7 Kxh7 38. Qe4+ 1-0

[Event "RUS-ch51"]
[Site "St Petersburg"]
[Date "1998.07.30"]
[Round "3"]
[White "Yagupov, Igor"]
[Black "Ulybin, Mikhail"]
[Result "1/2-1/2"]
[WhiteElo "2450"]
[BlackElo "2555"]
[Annotator "Finkel,A"]
[PlyCount "50"]
[EventDate "1998.07.28"]
[EventType "swiss"]
[EventRounds "11"]
[EventCountry "RUS"]
[SourceTitle "CBM 067"]
[Source "ChessBase"]
[SourceDate "1998.11.30"]
[SourceVersion "2"]
[SourceVersionDate "1998.11.01"]
[SourceQuality "1"]

1. e4 e6 2. d4 d5 3. Nc3 Nf6 4. e5 Nfd7 5. f4 c5 6. Nf3 Qb6 7. Be3 a6 (7...
cxd4 $5 8. Bxd4 Bc5 9. Na4 Qa5+ 10. c3 Bxd4 11. Nxd4 Nc6 12. b4 Qd8 13. Bd3 $14
{Apicella,M-Dolmatov,S/Cannes op 1994 (22)}) (7... Qxb2 $6 8. Nb5 cxd4 9. Nc7+
Kd8 10. Bxd4 Bb4+ 11. Kf2 Bc5 12. Nxa8 $16 {Solin,N-Tuominen,R/Stockholm op
1994 (38)}) 8. Na4 Qc6 (8... Qa5+ 9. c3 cxd4 10. b4 Qc7 11. Qxd4 (11. Bxd4 Nc6
12. Rc1 Nxd4 {1/2-1/2 Luther,T-Gleizerov,E/Open, Cappelle la Grande FRA 1998})
11... Nc6 (11... a5 $5 12. b5 b6 13. Be2 Nc5 14. O-O Nbd7 15. Rac1 Bb7 $13 {
Jonasson,B-Thorhallsson,T/ISL-ch 1996 (39)}) 12. Qd2 b5 (12... Be7 13. Bd3 O-O
14. O-O b5 15. Nb2 Nb6 16. a4 $14 {Vodicka,V-Pachman,L/CZE-chT 9596 1996/1/2-1/
2 (57)}) 13. Nb2 f6 14. a4 Rb8 15. axb5 axb5 16. Nd4 $5 $36 {[%csl Rb5]
Skripchenko,A-Matveeva,S/Belgrade Yugometal 1996 (39)}) 9. Nxc5 Nxc5 10. dxc5
Bxc5 11. Bxc5 $6 {A waste of tempo,which costs white the opening advantage.
Better is} (11. Qd2 $5 Qb6 12. Bxc5 Qxc5 13. O-O-O Nc6 14. Kb1 Bd7 15. g3 Rc8
16. h4 $14 {as was played in Ulibin,M-Alavkin,A/RUS-Cup6 1997 (47)}) 11... Qxc5
12. Qd2 Nc6 13. O-O-O Bd7 14. Kb1 O-O-O $5 15. h4 $5 ({Another possibility was
} 15. g4 h5 16. gxh5 Rxh5 17. h4 Kb8 18. Bh3 g6 19. Bg4 $14 {,but as in the
game white's advantage is symbolical.}) 15... h5 {Closing the kingside.} (15...
f6 $6 16. g3 fxe5 17. fxe5 Rhf8 18. Qe2 $14) 16. Rh3 Kb8 17. Rg3 Rhg8 18. Nd4 {
This move can be estimated as a draw offer,because without knights and queens
white can't make any progress.Deserved attention} (18. Ng5 $5 f6 (18... Rgf8
19. Nh7 Rg8 20. Be2 $14) 19. Rc3 Qb4 20. Nf7 Rdf8 21. Nd6 fxe5 22. Nxb7 (22.
fxe5) 22... Qxf4 23. Qe2 Kxb7 24. Qxa6+ Kc7 25. Bb5 $40) 18... Qxd4 19. Qxd4
Nxd4 20. Rxd4 Bc6 $11 21. Be2 g6 22. Kc1 Rc8 23. Kd2 Rgd8 24. Rc3 Rc7 25. Ke3
Rdc8 1/2-1/2

[Event "IND-ch"]
[Site "Mumbai"]
[Date "2003.01.20"]
[Round "5"]
[White "Neelotpal, Das"]
[Black "Ravi, Lanka"]
[Result "1-0"]
[WhiteElo "2406"]
[BlackElo "2419"]
[Annotator "Finkel,A"]
[PlyCount "95"]
[EventDate "2003.01.18"]
[EventType "tourn"]
[EventRounds "21"]
[EventCountry "IND"]
[EventCategory "8"]
[SourceTitle "CBM 094"]
[Source "ChessBase"]
[SourceDate "2003.05.26"]
[SourceVersion "1"]
[SourceVersionDate "2003.05.26"]
[SourceQuality "1"]

1. e4 e6 2. d4 d5 3. Nc3 Nf6 4. e5 Nfd7 5. f4 c5 6. Nf3 Nc6 7. Be3 cxd4 8. Nxd4
Bc5 9. Qd2 O-O (9... Bxd4 10. Bxd4 Nxd4 11. Qxd4 Qb6 $13) 10. O-O-O Nxd4 11.
Bxd4 a6 12. h4 b5 13. Rh3 {In this position were played handreds of games,but
so far white didn't manage to show clear way to advantage and black's results
in this variation are quite satisfactory.} (13. h5 b4 14. Ne2 (14. Na4 Bxd4 15.
Qxd4 a5 {Nunn,J-Lputian,S/Manila ol/1992/} (15... f6 $1 $36)) 14... a5 15. Bxc5
Nxc5 16. Qe3 Qb6 $13 {Smirin,A-Lputian,S/Rostov/1993/}) 13... b4 (13... Qb6 14.
h5 Ra7 15. Rg3 Bxd4 16. Qxd4 Qxd4 17. Rxd4 Nb8 18. Rd2 Nc6 19. Ne2 b4 20. Nd4
Bd7 $10 {Tischbierek,R-Zysk,R/BL9293/}) (13... Bb7 $5 14. h5 b4 15. Na4 Bxd4
16. Qxd4 Qa5 17. b3 Bc6 18. Nb2 Rfc8 $1 $10 {Tischbierek,R-Knaak,R/BL9293/})
14. Na4 Bxd4 15. Qxd4 a5 (15... f6 $6 $146 16. Qxb4 $1 fxe5 17. Qd6 $1 Qf6 18.
f5 $3 $16 {Kasparov,G-Short,N/Amsterdam VSB 1994} Qh6+ 19. Kb1 Rxf5 20. Rf3 $1
Rxf3 21. gxf3 $16 {Kasparov,G-Short,N/Amsterdam VSB 1994}) (15... Qa5 16. b3
Bb7 17. c3 $1 (17. Kb1 Bc6 18. c3 $14) 17... Rfc8 18. Kb2 bxc3+ 19. Rxc3 Rxc3
20. Qxc3 {Nijboer,F-Luther,T/Leuwaarden/1992/} Qd8 21. Rc1 Rc8 22. Qb4 Qxh4 23.
Qxb7 Qf2+ 24. Ka3 Rxc1 25. Qxd7 g6 26. Bxa6 Ra1 $14 {Nijboer}) 16. Kb1 $5 {
[%cal Gc2c4] The idea behind this move is not new, white is trying to transfer
c4 hoping to exploite certain advantage in space and more active pieces,
however it was never tried in the following position.} (16. Bb5 Rb8 (16... Qc7
17. Kb1 Rb8 18. c4 Nb6 19. c5 Nxa4 20. Bxa4 Ba6 21. Rc1 Rfc8 $132 {De la Riva,
O-Comas Fabrego,L/Barcelona op 1996}) 17. Bd3 (17. Be2 Bb7 18. Kb1 Bc6 19. Nc5
Bb5 20. Bd3 Nxc5 21. Qxc5 Qd7 22. Qf2 $13 {De la Riva Aguado,O-Glek,I/Open 1999
}) 17... Qc7 (17... Bb7 18. f5 Bc6 $5 (18... Qc7 19. Re1 exf5 (19... Qc6 $6 20.
Rg3 Qxa4 $6 21. Qg4 $1 g6 22. fxg6 fxg6 23. Bxg6 Kh8 24. Be8 $3 $18 {[%csl Gg7]
}) 20. Bxf5 Bc6 21. Nc5 Nxc5 22. Qxc5 Rfe8 23. Rhe3 $14 {Fedorov,A-Kortschnoj,
V/EU-chT 1999}) 19. Nc5 Nxc5 20. Qxc5 Qb6 21. Qxb6 Rxb6 22. Rf3 (22. f6 $5)
22... Rc8 $11 {Marjanovic,S-Antic,D/Subotica 2000/CBM 76}) (17... Nb6 $5 18.
Nc5 Nd7) 18. h5 (18. Re1 Qc6 19. b3 Ba6 20. Bxa6 Qxa6 21. h5 (21. Rg3 $5 Rbc8
22. f5 Qc6 23. Re2 Kh8 24. h5 Rg8 25. Rf3 $14 {Arakhamia,K-Matveeva,S/Kishinev
izt-W 1995}) 21... Rfc8 22. f5 Qc6 23. Re2 Nc5 $5 $13 {Sedlak,N-Antic,D/
Subotica 2000/CBM 76}) (18. Rg3 Bb7 19. Re1 f6 $2 20. exf6 Rxf6 21. Rxe6 $1 $16
{Cherevatenko,R-Shemeakin,A/Alushta 1998/EXT 2000}) 18... Bb7 (18... Qc6 $6 19.
b3 Ba6 20. f5 Rbc8 21. Rd2 Bxd3 22. Rhxd3 Qc7 23. Re2 Rfe8 24. Rg3 exf5 25. e6
{1-0 Berndt,S-Furlan,M/Bled 2000/CBM 75 ext (25)}) 19. Re3 $5 (19. g4 Rfc8 20.
Rh2 Qc6 21. b3 Ba6 22. Bxa6 Qxa6 23. f5 Qc6 24. Qf4 Qc7 25. Re2 $14 {Fogarasi,
T-Luther,T/Kecskemet 1993/CBM 37 ext}) 19... Bc6 20. Nc5 Nxc5 21. Qxc5 Rfc8 22.
f5 Bb5 $1 $11) (16. b3 Ba6 17. Kb1 Bxf1 18. Rxf1 Qc7 19. h5 Ra6 20. Re3 Rc6 21.
Rf2 f6 $15 {Kulish,I-Matveeva,S/Rostov on Don-W 1995} 22. Ree2 h6 $15 {Kulish,
I-Matveeva,S/Rostov on Don-W 1995}) (16. c4 $5 bxc3 17. Rxc3 Qxh4 18. g3 Qd8
19. Kb1 Ba6 20. Bxa6 Rxa6 21. Rh1 $13 {Nijboer,F-Korchnoi,V/Sonsbeek SNS 1999})
16... Qc7 17. b3 $6 {[%csl Ga4]} (17. c4 Bb7 (17... dxc4 $2 18. Qxc4 Qa7 19. h5
h6 20. Rhd3 $16) 18. Rc1 Rfc8 19. h5 h6 $13) 17... Ba6 18. c4 Rac8 $1 (18...
bxc3 19. Rxc3 Qb8 20. Bxa6 Rxa6 21. Rdc1 Ra7 22. Rc6 $14) 19. Re3 Rfd8 {
[%csl Gd7][%cal Gd5c4]} 20. Rc1 dxc4 21. Bxc4 Bb5 $1 22. Qd6 Bxa4 (22... Qa7 $1
23. Rd3 Bxa4 24. bxa4 Qa8 $1 {[%csl Gd8][%cal Gd7c5]} 25. Bb5 Rxc1+ (25... Nc5
$2 26. Rxc5 Rxd6 27. Rxc8+ Qxc8 28. exd6 $16 {[%cal Gd6d7]}) 26. Kxc1 Rc8+ 27.
Kd1 Nf8 $36 (27... Nc5 $2 28. Bc6 $3 $18 {[%csl Rg8]})) 23. bxa4 Nb6 $6 (23...
Qb7 $5 24. Rd3 Qa8 $1 {transposing to the position arising after 22...Qa7} (
24... Qe4 25. Qd4 Qxg2 26. f5 $1 $13)) (23... Qa7 $5) 24. Qxc7 Rxc7 25. Bb3
Rxc1+ 26. Kxc1 Rd4 $6 (26... Kf8 27. Kc2 Ke7 28. Rd3 Rc8+ $15) 27. g3 $11 Nd7
28. Bc2 Nb6 29. Bb3 Nd7 30. Bc2 g6 $2 {Without the rooks an endgame is very
tough for black so he had to play 30...Nb6 deviating from the trade.} (30...
Nb6 $11) 31. Rd3 $1 Rxd3 32. Bxd3 $16 Nc5 33. Bc2 Kf8 34. Kd2 Ke7 35. Ke3 Kd7
36. Kd4 Kc6 37. g4 h6 (37... Kb6 38. h5 Kc6 39. h6 $1 {[%csl Rh7]} Kb6 (39...
Nd7 40. Bd3 Kc7 41. Bb5 $18) 40. f5 gxf5 41. gxf5 exf5 42. Bxf5 Ne6+ 43. Kd5
$18) 38. h5 $1 gxh5 39. gxh5 Kb6 (39... Nb7 40. Be4+ Kb6 41. Bxb7 Kxb7 42. Kc5
$18) 40. Bg6 $1 $18 Nxa4 41. Bxf7 Nc5 42. f5 $1 {[%cal Ge5e8]} exf5 43. e6
Nxe6+ 44. Bxe6 f4 45. Ke4 Kc5 46. Kxf4 a4 47. Ke5 b3 48. Bxb3 $1 1-0